00903nam a2200169 i 450000100060000000300090000600700030001500800410001808000190005924500990007826000460017730000410022350001500026450502480041465000470066285200240070986312ES-MaACLt|041223s1999 sp ||||1| spa d a940.55(084.42)00aAtlas histórico multimedia b: . Vol. 6, El mundo contemporáneo [hRecurso electrónico]. a[Madrid?] : bMediasat España, c[1999] a1 disco compacto (CD-ROM) ; c12 cm. aRequisitos del sistema: Pentium, 32 Mb de RAM, Windows 3.1/Windows 95, Lector de CD-ROM 4x, Gráficos 800x600-65.000 colores, Tarjeta de sonido.8 aContiene: La Guerra fría - Revoluciones y guerras de independencia en Asia - La independencia de Africa - Los conflictos de Oriente Medio - América Latina, entre dictaduras y democracias - La caída del muro de Berlín - El nuevo milenio14aHistoria contemporánea-vAtlas - CD-ROM. aES-MaACLjROT 1/4/6